000 00959 a2200229 4500
001 47734
005 20260407155743.0
008 260407a2009 arg spa d
003 AR-UNSa-BCEJYS
040 _aAR-UNSa-BCEJYS
_bspa
_cAR-UNSa-BCEJYS
080 _a336.741.2
_xNaturaleza de la moneda. Teoría general del dinero
245 1 0 _aHistoria del dinero
020 _a978-84-493-2294-5
264 1 _aBarcelona :
_bPaidós
_c2009
300 _a272 p.
_c26 cm.
505 _a1. Mesopotamia, Egipto y Grecia - 2. El mundo romano - 3. La Europa medieval - 4. Los territorios islámicos - 5. India y el sudeste asiático - 6. China y Oriente - 7. La Edad Moderna - 8. África y Oceanía - 9. La Edad Contemporánea.
942 _cBK
590 _aniveau_biblio:m niveau_hierar:0
100 1 _aWilliams, Jonathan
700 1 _aEagleton, Catherine
856 4 1 _uhttps://www.biblioeco.unsa.edu.ar/pmb/images/libros/L127651.jpg
_yImagen de portada
_qimage/jpeg
999 _c4447
_d4447